Trouvez les titres des livres célèbres - antonymes - Statistiques

Statistiques générales
  • Ce quiz a été pris 115 fois
  • Le résultat moyen est 6 sur 15
Statistiques - réponses
Titres antonymes Titres originaux % Correct
Le Vert et le Blanc Le Rouge et le Noir
96%
Le grand roi Le petit prince
73%
A l'est plein de nouvelles A l'ouest rien de nouveau
59%
Modestie et ouverture d'esprit orgueil et préjugés
59%
Les aisés Les misérables
57%
La jeune femme et la terre Le vieil homme et la mer
56%
Les pastèques de la douceur Les raisins de la colère
51%
L'immeuble des humains La ferme des animaux
37%
Dix mètres au dessus des nuages Vingt mille lieues sous les mers
29%
Le rejet du désert L'appel de la forêt
21%
Une heure de compagnie Cent ans de solitude
19%
Des petits désespoirs Des grandes espérances
16%
Le bonjour aux fleurs L'adieu aux armes
16%
Sauvetage et récompense Crime et châtiment
14%
La perte de la lâcheté La conquête du courage
1%
Aucun quiz correspondant
Distribution des résultats
% des personnes avec chaque résultat
Percentile par nombre de réponses
Votre historique - résultats
Vous n’avez pas pris ce quiz